| 000 | 00898nam a2200181 i 4500 | ||
|---|---|---|---|
| 001 | 94211 | ||
| 003 | ES-MaACL | ||
| 005 | 20240511063026.0 | ||
| 007 | t| | ||
| 008 | 050706s1912 sp ||||1| spa d | ||
| 100 | 1 |
_aMoliner y Nicolás, Francisco, _d1851-1915 _981984 |
|
| 245 | 1 | 0 |
_aMemoria en defensa del mensaje que las sociedades obreras de las Casas del Pueblo de Valencia y poblados marítimos elevaron a dicho Congreso, solicitando su valioso voto a favor de un empréstito o crédito extraordinario de 100 millones de pesetas para Cultura y Sanidad / _cleída por... D. Francisco Moliner en la sesión del 16 de septiembre 1912. |
| 260 |
_aValencia : _b[s.n.], _c1912 ( _fEst. Tip. Domenech) |
||
| 300 |
_a64 p. ; _c26 cm. |
||
| 594 | _aPrecede al tít.: Segundo Congreso Internacional Español de la tuberculosis. | ||
| 852 |
_aES-MaACL _jT-1326-F-10 |
||
| 999 |
_c94211 _d94211 |
||